La conexión felina /
Guardado en:
| Autor Corporativo: | |
|---|---|
| Formato: | |
| Series: | Cuentos de la vida salvaje
|
| Materias: | |
| Etiquetas: |
Agregar Etiqueta
Sin Etiquetas, Sea el primero en etiquetar este registro!
|
| LEADER | 00973ngm a22003015g 4500 | ||
|---|---|---|---|
| 001 | CEM.cems021851 | ||
| 008 | 130507b1993##################0###0#####d | ||
| 005 | 20240917141906.0 | ||
| 245 | 1 | 0 | |a La conexión felina / |c ABC/KANE. |
| 300 | |a 25 | ||
| 490 | 0 | |a Cuentos de la vida salvaje | |
| 500 | |a En soporte VHS, consultar en ventanilla. | ||
| 505 | 0 | |a Mitos sobre los felinos. Hábitos de supervivencia. Leones. Tigres. El peligro de extinción. El jaguar. El puma. El cheetah. | |
| 538 | |a Soporte: VHS - Norma: Pal N - Color - Grabación DRD 1993 - Hitachi=5362 | ||
| 110 | 2 | |a ABC/KANE. | |
| 082 | 5 | 9 | |. 5/NAT-2 |
| 653 | |a ZOOLOGIA | ||
| 653 | |a FELINOS | ||
| 653 | |a LEONES | ||
| 653 | |a TIGRES | ||
| 653 | |a JAGUARES | ||
| 653 | |a PUMAS | ||
| 653 | |a COMPORTAMIENTO ANIMAL | ||
| 653 | |a EXTINCION | ||
| 653 | |a ANIMALES | ||
| 653 | |a NIVEL PRIMARIO | ||
| 653 | |a NIVEL SECUNDARIO | ||
| 859 | |a CEMS |b BIB. CEMS - Depto. Recursos Didacticos |h 591.5 |i NAT-2 |k DRD |p 494.12 |t Ej.1 | ||
